00667nam a2200181Ia 4500008004100000040001400041082002200055100001900077245005000096260003800146300001300184365002600197366000800223505002000231620013400251630005000385730005000435100315s9999 xx 000 0 und d cENGLISH  b3943 a001.642  a"Perry, Greg " aSams Teach Yourself Visual Basic 6 in 21 Days aNew Delhi bTechmedia  c1998  a851p.   eRupees d1 b0.00  f0  gTushar Jadhav  a"Managing Controls, Controling Programs, Dialog Box Control, Working with forms, Printing VB Computer, Multidimensional Arrays " aSams Teach Yourself Visual Basic 6 in 21 Days aSams Teach Yourself Visual Basic 6 in 21 Days